000 00575cam a2200193ua 4500
001 7255
008 141205n ii |||gr||||Z||||||eng
020 _a9788192130729
040 _cMAIN
041 _aeng
082 _a338.9
100 _aDas, P.S.,
_eEditor.
245 1 _aProceeding of the UGC sponsored national seminar on micro economic enterprise buildung mechnism to empowerment of women in Indian scenario
_cEdited by Purnendu Shekhar Das
250 _a1st.
260 _aTinsukia:
_bIQAC,
_c2011.
300 _axiv,336p.
653 _aMicro economics
942 _cBK
999 _c6380
_d6380